| 000 | 00810nam a2200253Ia 4500 | ||
|---|---|---|---|
| 001 | 18508 | ||
| 003 | GE_BSU | ||
| 008 | 181216s||||||||xx |||||||||||||| ||und|| | ||
| 020 | _a9789941177972 | ||
| 040 | _cGE_BSU | ||
| 080 | _a338.22(075.8) | ||
| 100 | _aშენგელია, თეიმურაზ | ||
| 245 | _aგლობალური ბიზნესი=Global business | ||
| 245 | _cრედ. რევაზ გველესიანი | ||
| 260 | _aთბილისი | ||
| 260 | _bუნივერსალი | ||
| 260 | _c2013 | ||
| 300 | _a639გვ.23სმ. | ||
| 300 | _eბიბლიოგრ.: გვ. 628-639 | ||
| 541 | _h30ლ.60თ. | ||
| 653 | _aგლობალური ბიზნესი | ||
| 653 | _aეკონომიკა | ||
| 942 | _cBK | ||
| 999 |
_c51519 _d51519 |
||